| 000 | 00682nam a2200229 a 4500 | ||
|---|---|---|---|
| 999 |
_c520 _d520 |
||
| 008 | 190912s2010 ii |||gr|||| 000 0 eng d | ||
| 020 |
_a9789380712147 _cRs. 160.00 |
||
| 040 |
_aKO _beng |
||
| 041 | 0 | _aeng | |
| 044 | _aii | ||
| 082 | 0 | 4 |
_223 _a425 _bSh233 |
| 100 | 1 | _aSharma, Neeru | |
| 245 | 1 | 0 |
_aCommunication Techniques / _cNeeru Sharma, Lalit Gahlot, Geetika Patni |
| 260 |
_aNew Delhi : _bVayu Education of India, _c2010 |
||
| 300 |
_a214 p. ; _c24 cm. |
||
| 650 | 0 |
_aEnglish language _xGrammar _vTextbooks |
|
| 650 | 0 |
_aEnglish language _xComposition and exercises _vTextbooks |
|
| 700 | 1 |
_aGahlot, Lalit _eaut |
|
| 700 | 1 |
_aPatni, Geetika _eaut |
|
| 942 | _cBK | ||